Treballadores : un segle de treball femení a Catalunya (1900 - 2000) / Mary Nash un segle de treball femení a Catalunya (1900 - 2000) / Mary Nash
Descripción Física:
219 p. : il. ; 24 cm
Colección:
A la feina iguals
MARC
| LEADER | 00000nam a2200000Ia 4500 | ||
|---|---|---|---|
| 001 | 23076 | ||
| 008 | 160829s2010 xx 000 0 cat d | ||
| 080 | |a M-6-389 | ||
| 100 | |a Nash, Mary |9 22610 | ||
| 245 | |a Treballadores : |b un segle de treball femení a Catalunya (1900 - 2000) / Mary Nash | ||
| 260 | |a Barcelona : |b Generalitat de Catalunya. Departament de Treball, |c 2010 | ||
| 300 | |a 219 p. : |b il. ; |c 24 cm | ||
| 490 | |a A la feina iguals | ||
| 590 | |a Bibliografia. | ||
| 590 | |a S'ha utilitzat el fons de l'Arxiu General de la Diputació de Barcelona | ||
| 650 | |a Dones |x Treball |x Catalunya |x S. XX |9 41413 | ||
| 650 | |a Treballadores |x Catalunya |x Condicions socials |x S. XX |9 41414 | ||
| 710 | 1 | |a Catalunya. |b Departament de Treball |9 69848 | |
| 901 | |a Arxiu | ||
| 942 | |n 1 | ||
| 952 | |0 0 |1 0 |4 0 |6 M6389 |7 1 |9 50201 |a Arxiu |b Arxiu |d 2016-12-01 |l 0 |o M-6-389 |p 23076 |r 2016-12-01 00:00:00 |w 2016-12-01 |y ARXIU | ||
| 999 | |c 54043 |d 54043 | ||